[Event "VIII Iberoamericano Mexico 2022"]
[Site "Mexico City"]
[Date "2022.02.17"]
[Round "6.9"]
[White "Almeida Quintana, Omar"]
[Black "Dominguez Aguilar, Guillermo"]
[Result "1-0"]
[WhiteElo "2535"]
[BlackElo "2321"]
[Annotator "TA"]
[PlyCount "41"]
[EventDate "2022.02.12"]
[EventType "swiss"]
[EventCountry "MEX"]
[SourceTitle "playchess.com"]
[Source "ChessBase"]
[SourceQuality "1"]

{[%evp 25,41,61,60,46,55,46,46,51,74,91,272,278,276,269,760,243,364,-793]} 1. d4 Nf6 2. Nf3 g6 3. c4 Bg7 4. Nc3 O-O 5. e4 d6 6. h3 c5 7. d5 a6 8. a4 e6 9. Bd3 exd5 10. cxd5 Re8 11. O-O Nbd7 12. Bf4 Qc7 13. Re1 Rb8 14. Rc1 {[%cal Ob2b4] A70: Modern Benoni: 6 e4 g6 7 Nf3.} Nh5 15. Bh2 Bh6 16. Rc2 {White is slightly better.} Nf4 17. Bf1 {Hoping for g3.} g5 $2 {[#] A mistake that costs the game.} (17... Qd8 $16) 18. Nxg5 $1 $18 {[%mdl 512]} Bxg5 19. Bxf4 ({Don't do} 19. Qg4 $6 f6 $16) 19... Ne5 $2 (19... Bxf4 20. Qg4+ Kh8) 20. Bh2 $2 (20. Bxg5 f6 21. Bxf6) 20... Bh6 {[#]} (20... Bh4 $142 21. Qh5 Qd8) 21. Qf3 $146 {[%mdl 40960] Weighted Error Value: White=0.62/Black=0.57. Loss on time!?} ({Predecessor:} 21. f4 Ng6 22. f5 Ne5 23. Rf2 f6 24. Qh5 Nf7 25. e5 dxe5 26. d6 Qd7 27. Bc4 {1-0 (38) Ionescu,M (2331)-Ciochina,C Baile Tusnad 2000}) 1-0

[Event "VIII Iberoamericano Mexico 2022"]
[Site "Mexico City"]
[Date "2022.02.17"]
[Round "6.10"]
[White "Sandoval Mercado, Carlos"]
[Black "Cordova, Emilio"]
[Result "0-1"]
[WhiteElo "2289"]
[BlackElo "2534"]
[Annotator "TA"]
[PlyCount "106"]
[EventDate "2022.02.12"]
[EventType "swiss"]
[EventCountry "MEX"]
[SourceTitle "playchess.com"]
[Source "ChessBase"]
[SourceQuality "1"]

{[%evp 15,106,19,24,16,63,63,70,42,72,63,70,51,47,44,56,46,116,0,19,-18,-20,-22,0,0,8,0,0,0,0,-3,0,0,22,0,20,27,20,18,61,49,35,42,67,53,247,247,244,83,92,82,83,-146,-142,-1434,-1203,-1340,-1406,-1346,-402,-1644,-1664,-29958,-29955,-29963,-29964,-29960,-29961,-29975,-29977,-29977,-29978,-29978,-29979,-29979,-29980,-29980,-29981,-29981,-29982,-29983,-29984,-29985,-29986,-29986,-29987,-29987,-29988,-29988,-29989,-29989,-29990,-29990,-29991]} 1. d4 f5 2. c4 Nf6 3. g3 g6 4. Bg2 Bg7 5. Nf3 O-O 6. Nc3 d6 7. O-O c6 {is cutting edge theory.} 8. Qb3 Na6 9. Re1 {A88: Dutch Defence: Leningrad System: 5 Nf3 0-0 6 0-0 d6 7 Nc3 c6.} Kh8 (9... Qb6 $11) 10. e4 $14 fxe4 11. Nxe4 {White is slightly better.} Nxe4 12. Rxe4 e5 13. Bg5 (13. dxe5 $2 Nc5 14. Qe3 Nxe4 15. Qxe4 dxe5 $19) 13... Qc7 {[#]} 14. c5 $146 {And now cxd6 would win.} ({Predecessor:} 14. Rae1 Bf5 15. Rh4 exd4 16. Nxd4 Nc5 17. Qd1 Be5 18. Bh6 Rf7 19. Nxf5 gxf5 20. b4 {0-1 (38) Klekowski,M (2402)-Bernadskiy,V (2561) Krakow 2013}) 14... d5 15. Rxe5 Nxc5 {[#]} (15... Bxe5 $14 16. Nxe5 Nxc5 $1) 16. Qa3 (16. dxc5 $1 $16 Bxe5 17. Re1 Rxf3 18. Qxf3) 16... Ne4 17. Bf4 Qd8 18. Ng5 {[#]} Rxf4 19. gxf4 {Black must now prevent Nf7+.} Nxg5 20. Rxg5 Bxd4 21. Re1 Bf5 {This bishop pair is nice.} 22. Re7 $40 {[%mdl 128] Black needs to defend precisely.} Qf8 23. Rg3 Re8 {[#]} 24. Re2 Qf7 (24... Kg7 25. Qxf8+) 25. Rxe8+ Qxe8 26. Kf1 {To avoid Qe1+} h5 (26... Kg7 $11 {should be considered.}) 27. Bh3 $1 {Bxf5 is the strong threat.} (27. Qb4 c5 28. Qb3 (28. Qxb7 Bc8 $11) 28... h4 $11) 27... Be4 28. f5 c5 (28... Bxf5 $2 29. Bxf5 gxf5 30. Qd6 $18) 29. Rxg6 {Threatens to win with Qg3.} Qb5+ $2 (29... Qe5 $1 $14 30. Qg3 (30. Qxa7 Bd3+ 31. Kg2 Qe4+ 32. f3 Qe2+ 33. Kh1 Qe1+) 30... Qxg3 31. hxg3 Bxb2) 30. Kg1 $1 $18 (30. Ke1 Bxb2 31. Rh6+ Kg8 32. Qg3+ Bg7 33. Qb8+ Kf7 34. Qc7+ Kf8 35. Qc8+ (35. Qd6+ Kg8 $11) 35... Kf7 36. Qe6+ (36. Qc7+ Kg8 $11) 36... Kf8 37. Qd6+ Kg8 38. Qd8+ Kf7 39. Qc7+ Kg8 40. Qd8+ Kf7 41. Qc7+ $11) 30... h4 {( -> ...Qe2)} (30... Qe2 31. Rh6+ Kg8 32. Qg3+ Bg7 33. Qb8+ Kf7 34. Qxb7+ Kg8 35. Qc8+ Kf7 36. Rg6 Qxb2 37. Qe6+ Kf8 38. f6 $1 {[%mdl 512]} Qa1+ 39. Bf1 Qxf6 40. Rxf6+ $18) 31. Bf1 {To avoid Qe2} ({Stronger than} 31. Qxa7 Bxf2+ 32. Kxf2 Qxb2+ 33. Ke3 (33. Kg1 {gets mated.} Qc1+ 34. Kf2 Qd2+ 35. Kf1 Bd3+ 36. Kg1 Qe1+ 37. Kg2 Qf1#) 33... Qc1+ 34. Ke2 Qc2+ 35. Ke3 (35. Kf1 {is a self mate.} Qd1+ 36. Kf2 Qd2+ 37. Kf1 Bd3+ 38. Kg1 Qe1+ 39. Kg2 Qf1#) 35... Qc1+ 36. Ke2 Qc2+ 37. Ke3 (37. Kf1 Qd1+ 38. Kf2 Qd2+ 39. Kf1 Bd3+ 40. Kg1 Qe1+ 41. Kg2 Qf1#) 37... Qc1+ $11) (31. Rg4 $18 {is more deadly.} Qd3 32. Qxd3 (32. Rxh4+ Kg7 $18) 32... Bxd3 33. b3 (33. Rxh4+ Kg7 $18)) 31... Qxb2 $16 32. Qxb2 Bxb2 {[%mdl 4096] Endgame [#] KRB-KB} 33. Rd6 $2 (33. Bg2 $1 $16 {[%cal Rg2e4] and life is bright. Hoping for Bxe4.} Bd3 34. Bxd5) 33... c4 $17 {Strongly threatening ...c3. White is on the road to losing.} 34. Bg2 $2 {[%mdl 8192]} (34. f3 $17 Bxf3 35. Kf2) 34... Bxg2 $19 35. Kxg2 {KR-KB} c3 36. Rd8+ Kg7 37. Rc8 (37. Rxd5 $142 c2 38. Rc5) 37... d4 {[%cal Bd5d4,Bd4d3][%mdl 32] aiming for ...d3.} 38. Kf3 d3 {Black mates.} 39. Ke3 c2 40. Kd2 Kf6 41. a4 Kxf5 42. Rc4 b6 43. h3 c1=Q+ 44. Rxc1 Bxc1+ 45. Kxc1 {KP-KP} Kf4 46. Kd2 Kf3 47. Kxd3 Kxf2 {K3P-KPP} 48. Kc4 Kg3 49. Kb5 Kxh3 50. Ka6 Kg4 51. Kxa7 h3 52. Kxb6 h2 53. a5 h1=Q {Weighted Error Value: White=0.51/Black=0.16 (very precise)} 0-1

[Event "VIII Iberoamericano Mexico 2022"]
[Site "Mexico City"]
[Date "2022.02.17"]
[Round "6.11"]
[White "Martin Del Campo Cardenas, Roberto Abel"]
[Black "Henderson de La Fuente, Lance"]
[Result "0-1"]
[WhiteElo "2250"]
[BlackElo "2494"]
[Annotator "TA"]
[PlyCount "124"]
[EventDate "2022.02.12"]
[EventType "swiss"]
[EventCountry "MEX"]
[SourceTitle "playchess.com"]
[Source "ChessBase"]
[SourceQuality "1"]

{[%evp 14,124,19,0,0,0,0,-29,9,-50,-43,-43,-43,-51,-56,-57,0,-34,-37,-31,-8,-12,-3,0,-2,7,2,14,11,14,11,13,12,0,0,0,0,-11,0,0,0,0,0,-6,0,0,0,-8,0,-8,-8,-8,-8,-8,0,0,0,-18,-8,-8,-8,-8,-8,-8,0,-126,-126,-126,-94,-94,-77,-77,-77,-77,0,0,0,0,0,0,0,0,0,-77,-77,-77,-77,-77,-34,-94,-77,-77,-77,-126,-126,-126,-126,-126,-126,-126,-126,-126,-126,-126,-126,-126,-126,-126,-126,-29975,-29974,-29984,-29985]} 1. e4 e6 2. d4 d5 3. Nd2 dxe4 4. Nxe4 Bd7 5. Nf3 Bc6 6. Bd3 Nd7 7. c4 Ngf6 8. Nc3 Bxf3 $1 {The main line 8...Bxf3 scores better than 8...Be7. C10: French with 3 Nc3: Unusual Black 3rd moves and 3...dxe4.} 9. Qxf3 c5 10. Be3 Qb6 {[%csl LRb2,LRd4] Black has an edge.} 11. Ne2 ({Avoid the trap} 11. Nb5 $2 a6 12. b4 (12. dxc5 $2 Bxc5 13. Bxc5 Nxc5 $19) 12... axb5 $19) ({White should try} 11. d5 $1 $11) 11... cxd4 $15 ({But not} 11... Qb4+ 12. Bd2 Qb6 13. Bc3 $11) 12. Bxd4 Bb4+ 13. Kf1 Bc5 14. Bc3 {[%cal Ob2b4] [#]} Bb4 $146 {...Bxc3 is the strong threat.} ({Predecessor:} 14... a5 15. Rd1 Rd8 16. g4 Bb4 17. Bd4 Bc5 18. Bc3 {½-½ (20) Rowley,L (2309)-Kubasky,A (2329) ICCF email 2000}) 15. Bd4 {This bishop pair is nice.} Qc7 16. g3 O-O 17. Kg2 Rad8 18. Rhd1 (18. Bxa7 $2 Ne5 19. Bxh7+ Kxh7 $19) 18... e5 19. Bc3 ({Don't go for} 19. Bxa7 $2 b6 20. a3 Be7 21. Bxb6 Nxb6 $19) 19... Bxc3 20. Nxc3 Nc5 21. Bf5 a5 22. Rxd8 Rxd8 23. Rd1 Rxd1 24. Qxd1 g6 25. Bh3 Qc6+ 26. Kg1 Kg7 27. Bg2 Qe6 28. Nd5 b6 29. b3 Nxd5 30. Bxd5 Qf5 31. a3 Qd3 32. Qxd3 Nxd3 $11 {[%mdl 4096] Endgame KB-KN} 33. Be4 Nc5 {[%csl LRb3,LRe4]} 34. Bc2 f5 {[%cal Bf7f5,Bf5f4][%mdl 32]} 35. Kf1 Kf6 36. f3 Ne6 37. Kf2 Nd4 38. Bd1 f4 39. g4 (39. gxf4 $1 $11 exf4 40. Ke1) 39... g5 $17 {Black is more active.} 40. b4 axb4 41. axb4 e4 42. fxe4 Ke5 43. c5 bxc5 44. bxc5 Ne6 45. c6 Kd6 46. Bb3 Nd4 47. Bg8 h6 48. e5+ (48. Bd5 $11) 48... Kxc6 49. h3 Kc5 50. Ba2 Nc6 (50... Kb5 $17) 51. Kf3 (51. e6 $15) 51... Kd4 52. e6 Ke5 53. Bb1 (53. Kf2 $142) 53... Nd4+ 54. Kf2 {[#] Threatening mate with e7.} Kxe6 55. Be4 Ke5 56. Ba8 Ne6 57. Bb7 Kd4 58. Ba8 Kd3 59. Bb7 Kd2 {aiming for ...Nc5.} 60. Ba8 Nc5 {White must now prevent ...Nd3+.} 61. Bc6 $2 {[%mdl 8192] [#]} (61. Kf3 $17) 61... Nd3+ 62. Kf3 Ne5+ {Weighted Error Value: White=0.28 (precise) /Black=0.05 (flawless)} 0-1

[Event "VIII Iberoamericano Mexico 2022"]
[Site "Mexico City"]
[Date "2022.02.17"]
[Round "6.12"]
[White "Rodriguez Vila, Andres"]
[Black "Perez Rodriguez, Luis Manuel"]
[Result "1-0"]
[WhiteElo "2461"]
[BlackElo "2324"]
[Annotator "ChessBase"]
[PlyCount "115"]
[EventDate "2022.02.12"]
[EventType "swiss"]
[EventCountry "MEX"]
[SourceTitle "playchess.com"]
[Source "ChessBase"]
[SourceQuality "1"]
[TimeControl "5400+30"]

1. e4 {[%emt 0:00:05]} e5 {[%emt 0:00:27]} 2. Nf3 {[%emt 0:00:06]} Nc6 {[%emt 0:00:03]} 3. Bc4 {[%emt 0:00:04]} Nf6 {[%emt 0:01:12]} 4. Ng5 {[%emt 0:00:32]} d5 {[%emt 0:00:43]} 5. exd5 {[%emt 0:00:05]} Na5 {[%emt 0:00:03]} 6. Bb5+ {[%emt 0:00:07]} c6 {[%emt 0:02:47]} 7. dxc6 {[%emt 0:00:36]} bxc6 {[%emt 0:00:07]} 8. Bd3 {[%emt 0:00:06]} Nd5 {[%emt 0:02:22]} 9. Nf3 {[%emt 0:00:07]} Bd6 {[%emt 0:03:06]} 10. O-O {[%emt 0:00:08]} O-O {[%emt 0:00:14]} 11. Re1 {[%emt 0:00:12]} Bg4 {[%emt 0:06:44]} 12. h3 {[%emt 0:02:41]} Bh5 {[%emt 0:00:50]} 13. g4 {[%emt 0:07:55]} Bg6 {[%emt 0:00:26]} 14. Bxg6 {[%emt 0:00:05]} fxg6 {[%emt 0:04:08]} 15. d4 {[%emt 0:00:25]} exd4 {[%emt 0:05:27]} 16. Nbd2 {[%emt 0:03:45]} Nf4 {[%emt 0:06:00]} 17. Ne4 {[%emt 0:00:11]} Nxh3+ {[%emt 0:05:09]} 18. Kg2 {[%emt 0:05:35]} Nf4+ {[%emt 0:00:30]} 19. Bxf4 {[%emt 0:00:05]} Rxf4 {[%emt 0:00:27]} 20. Nfg5 {[%emt 0:01:30]} Qd7 {[%emt 0:08:02]} 21. f3 {[%emt 0:01:04]} c5 {[%emt 0:02:46]} 22. Nxd6 {[%emt 0:06:39]} Qxd6 {[%emt 0:00:28]} 23. Qe2 {[%emt 0:00:07]} Qd5 {[%emt 0:06:47]} 24. Qe6+ {[%emt 0:09:47]} Qxe6 {[%emt 0:00:07]} 25. Nxe6 {[%emt 0:00:03]} Rf7 {[%emt 0:02:07]} 26. b3 {[%emt 0:00:32]} Rc8 {[%emt 0:09:14]} 27. Re5 {[%emt 0:02:20]} Nb7 {[%emt 0:00:09]} 28. Ng5 {[%emt 0:01:30]} Rf6 {[%emt 0:09:51]} 29. Rae1 {[%emt 0:05:52]} Nd6 {[%emt 0:06:49]} 30. Rd5 {[%emt 0:01:35]} h6 {[%emt 0:01:25]} 31. Re6 {[%emt 0:02:49]} Ne8 {[%emt 0:01:54]} 32. Rde5 {[%emt 0:11:28]} Nc7 {[%emt 0:02:27]} 33. Rxc5 {[%emt 0:00:38]} hxg5 {[%emt 0:00:07]} 34. Re7 {[%emt 0:00:32]} Rf7 {[%emt 0:00:41]} 35. Rxf7 {[%emt 0:00:05]} Kxf7 {[%emt 0:00:04]} 36. Kg3 {[%emt 0:03:14]} Ke7 {[%emt 0:01:09]} 37. Rc4 {[%emt 0:00:05]} a5 {[%emt 0:02:22]} 38. a4 {[%emt 0:01:03]} Ke6 {[%emt 0:01:02]} 39. Kf2 {[%emt 0:02:12]} Kd6 {[%emt 0:01:00]} 40. Rxd4+ {[%emt 0:00:04]} Kc6 {[%emt 0:00:02]} 41. Rc4+ {[%emt 0:00:38]} Kb6 {[%emt 0:00:56]} 42. c3 {[%emt 0:02:30]} Rd8 {[%emt 0:03:08]} 43. b4 {[%emt 0:00:10]} Ne6 {[%emt 0:02:35]} 44. Ke3 {[%emt 0:03:17]} Rf8 {[%emt 0:02:05]} 45. Re4 {[%emt 0:00:31]} Nc7 {[%emt 0:01:01]} 46. Rd4 {[%emt 0:01:29]} Rf6 {[%emt 0:00:41]} 47. Rd7 {[%emt 0:00:41]} Rc6 {[%emt 0:00:29]} 48. Kd2 {[%emt 0:02:27]} Ne6 {[%emt 0:00:26]} 49. b5 {[%emt 0:00:21]} Rc4 {[%emt 0:01:19]} 50. Rd6+ {[%emt 0:00:15]} Kc7 {[%emt 0:02:04]} 51. Rxe6 {[%emt 0:00:19]} Rxa4 {[%emt 0:00:02]} 52. Rxg6 {[%emt 0:00:28]} Rf4 {[%emt 0:00:09]} 53. Ke3 {[%emt 0:03:48]} a4 {[%emt 0:00:29]} 54. Rxg7+ {[%emt 0:00:34]} Kb6 {[%emt 0:00:26]} 55. Rg6+ {[%emt 0:00:04]} Kb7 {[%emt 0:00:22]} 56. Rxg5 {[%emt 0:02:14]} a3 {[%emt 0:00:18]} 57. Rg7+ {[%emt 0:00:48]} Kb6 {[%emt 0:00:28]} 58. Kxf4 {[%emt 0:00:11]} 1-0

[Event "VIII Iberoamericano Mexico 2022"]
[Site "Mexico City"]
[Date "2022.02.17"]
[Round "6.13"]
[White "Chinchilla Miranda, Eugenio"]
[Black "Cardoso Cardoso, Jose Gabriel"]
[Result "0-1"]
[WhiteElo "2193"]
[BlackElo "2461"]
[Annotator "ChessBase"]
[PlyCount "62"]
[EventDate "2022.02.12"]
[EventType "swiss"]
[EventCountry "MEX"]
[SourceTitle "playchess.com"]
[Source "ChessBase"]
[SourceQuality "1"]
[TimeControl "5400+30"]

1. d4 {[%emt 0:00:12]} Nf6 {[%emt 0:00:06]} 2. c4 {[%emt 0:00:20]} e6 {[%emt 0:00:09]} 3. Nc3 {[%emt 0:00:13]} Bb4 {[%emt 0:00:10]} 4. Qc2 {[%emt 0:00:19]} O-O {[%emt 0:00:22]} 5. e4 {[%emt 0:00:17]} d5 {[%emt 0:01:25]} 6. e5 {[%emt 0:00:08]} Ne4 {[%emt 0:00:07]} 7. Bd3 {[%emt 0:00:06]} c5 {[%emt 0:00:08]} 8. Nf3 {[%emt 0:00:15]} cxd4 {[%emt 0:00:09]} 9. Nxd4 {[%emt 0:00:04]} Nd7 {[%emt 0:00:14]} 10. Bf4 {[%emt 0:00:07]} Ndc5 {[%emt 0:01:19]} 11. O-O {[%emt 0:00:21]} Bxc3 {[%emt 0:00:09]} 12. bxc3 {[%emt 0:00:11]} Bd7 {[%emt 0:00:29]} 13. cxd5 {[%emt 0:03:00]} exd5 {[%emt 0:03:03]} 14. Be2 {[%emt 0:00:55]} Rc8 {[%emt 0:01:44]} 15. f3 {[%emt 0:05:30]} Ng5 {[%emt 0:00:43]} 16. Qd2 {[%emt 0:06:24]} h6 {[%emt 0:08:01]} 17. Rac1 {[%emt 0:07:20]} Re8 {[%emt 0:04:07]} 18. Bb5 {[%emt 0:07:24]} Nge6 {[%emt 0:13:15]} 19. Bxd7 {[%emt 0:06:34]} Nxd7 {[%emt 0:05:00]} 20. Bg3 {[%emt 0:01:49]} Nb6 {[%emt 0:09:35]} 21. f4 {[%emt 0:04:22]} Nc4 {[%emt 0:01:01]} 22. Qe2 {[%emt 0:01:32]} Qb6 {[%emt 0:02:50]} 23. Rfd1 {[%emt 0:12:00]} Nb2 {[%emt 0:04:56]} 24. Rb1 {[%emt 0:02:29]} Nxd1 {[%emt 0:00:24]} 25. Rxb6 {[%emt 0:01:06]} Nxc3 {[%emt 0:00:05]} 26. Qg4 {[%emt 0:06:50]} axb6 {[%emt 0:02:59]} 27. Nf5 {[%emt 0:01:56]} Ne4 {[%emt 0:00:07]} 28. h4 {[%emt 0:00:52]} h5 {[%emt 0:02:44]} 29. Qxh5 {[%emt 0:03:03]} Nd4 {[%emt 0:00:12]} 30. Kh2 {[%emt 0:02:11]} Rc1 {[%emt 0:02:29]} 31. Kh3 {[%emt 0:02:42]} g6 {[%emt 0:01:29]} 0-1

[Event "VIII Iberoamericano Mexico 2022"]
[Site "Mexico City"]
[Date "2022.02.17"]
[Round "6.14"]
[White "Zacarias, M Ruben D"]
[Black "Ibarra Chami, Luis Fernando"]
[Result "1/2-1/2"]
[WhiteElo "2174"]
[BlackElo "2451"]
[Annotator "ChessBase"]
[PlyCount "68"]
[EventDate "2022.02.12"]
[EventType "swiss"]
[EventCountry "MEX"]
[SourceTitle "playchess.com"]
[Source "ChessBase"]
[SourceQuality "1"]
[TimeControl "5400+30"]

1. e4 {[%emt 0:00:08]} c5 {[%emt 0:00:15]} 2. Nf3 {[%emt 0:00:06]} d6 {[%emt 0:00:19]} 3. Bb5+ {[%emt 0:00:49]} Nc6 {[%emt 0:01:41]} 4. O-O {[%emt 0:01:23]} Bd7 {[%emt 0:03:19]} 5. Re1 {[%emt 0:01:28]} Nf6 {[%emt 0:00:31]} 6. c3 {[%emt 0:00:07]} a6 {[%emt 0:00:36]} 7. Bf1 {[%emt 0:00:14]} Bg4 {[%emt 0:00:49]} 8. d4 {[%emt 0:00:47]} cxd4 {[%emt 0:04:19]} 9. cxd4 {[%emt 0:00:06]} d5 {[%emt 0:05:40]} 10. Nc3 {[%emt 0:05:19]} e6 {[%emt 0:09:51]} 11. Bg5 {[%emt 0:05:30]} Be7 {[%emt 0:07:51]} 12. Bxf6 {[%emt 0:11:59]} Bxf6 {[%emt 0:05:45]} 13. exd5 {[%emt 0:01:05]} Nxd4 {[%emt 0:00:51]} 14. dxe6 {[%emt 0:08:35]} Nxf3+ {[%emt 0:02:38]} 15. gxf3 {[%emt 0:00:24]} Bxe6 {[%emt 0:02:55]} 16. Bh3 {[%emt 0:12:54]} Bxc3 {[%emt 0:04:02]} 17. bxc3 {[%emt 0:10:47]} Qg5+ {[%emt 0:03:30]} 18. Kh1 {[%emt 0:01:10]} O-O {[%emt 0:00:45]} 19. Bxe6 {[%emt 0:00:17]} fxe6 {[%emt 0:00:04]} 20. Rxe6 {[%emt 0:00:41]} Kh8 {[%emt 0:02:45]} 21. Qe2 {[%emt 0:03:48]} Qh5 {[%emt 0:01:35]} 22. Re3 {[%emt 0:01:43]} Rf4 {[%emt 0:01:08]} 23. Rg1 {[%emt 0:02:20]} Raf8 {[%emt 0:00:16]} 24. Rg4 {[%emt 0:00:57]} R4f7 {[%emt 0:02:29]} 25. Re5 {[%emt 0:11:46]} Qh3 {[%emt 0:00:07]} 26. Rg3 {[%emt 0:00:07]} Qc8 {[%emt 0:00:04]} 27. Re7 {[%emt 0:00:36]} Qc6 {[%emt 0:03:37]} 28. Qe5 {[%emt 0:02:32]} Rxe7 {[%emt 0:00:48]} 29. Qxe7 {[%emt 0:00:12]} Rg8 {[%emt 0:00:02]} 30. Qe5 {[%emt 0:01:17]} Qc4 {[%emt 0:00:13]} 31. a3 {[%emt 0:02:27]} Qf1+ {[%emt 0:04:11]} 32. Rg1 {[%emt 0:00:11]} Qxf2 {[%emt 0:00:05]} 33. Rxg7 {[%emt 0:00:05]} Rxg7 {[%emt 0:00:04]} 34. Qd4 {[%emt 0:15:40]} Kg8 1/2-1/2

[Event "VIII Iberoamericano Mexico 2022"]
[Site "Mexico City"]
[Date "2022.02.17"]
[Round "6.15"]
[White "Jimenez Garcia, Emmanuel"]
[Black "Capo Vidal, Uriel"]
[Result "1-0"]
[WhiteElo "2403"]
[BlackElo "2306"]
[Annotator "NA"]
[PlyCount "81"]
[EventDate "2022.02.12"]
[EventType "swiss"]
[EventCountry "MEX"]
[SourceTitle "playchess.com"]
[Source "ChessBase"]
[SourceQuality "1"]
[TimeControl "5400+30"]

1. Nf3 {[%emt 0:03:12]} Nf6 {[%emt 0:17:11]} 2. g3 {[%emt 0:00:05]} d5 {[%emt 0:00:50]} 3. Bg2 {[%emt 0:00:06]} c5 {[%emt 0:00:08]} 4. O-O {[%emt 0:00:48]} Nc6 {[%emt 0:00:46]} 5. d3 {[%emt 0:03:38]} e5 {[%emt 0:00:56]} 6. Nbd2 {[%emt 0:04:05]} Be7 {[%emt 0:01:32]} 7. e4 {[%emt 0:00:11]} d4 {[%emt 0:00:10]} 8. Nc4 {[%emt 0:01:15]} Qc7 {[%emt 0:00:23]} 9. a4 {[%emt 0:00:15]} Nd7 {[%emt 0:00:28]} 10. c3 {[%emt 0:09:11]} Nb6 {[%emt 0:02:30]} 11. Na3 {[%emt 0:02:29]} Bg4 {[%emt 0:04:29]} 12. h3 {[%emt 0:07:42]} Bh5 {[%emt 0:02:08]} 13. a5 {[%emt 0:07:59]} Nd7 {[%emt 0:00:31]} 14. a6 {[%emt 0:08:38]} bxa6 {[%emt 0:10:56]} 15. Nc4 {[%emt 0:04:35]} O-O {[%emt 0:04:49]} 16. Qa4 {[%emt 0:03:02]} Rad8 {[%emt 0:05:50]} 17. g4 {[%emt 0:10:28]} Bg6 {[%emt 0:01:45]} 18. Qxa6 {[%emt 0:01:21]} dxc3 {[%emt 0:08:07]} 19. bxc3 {[%emt 0:00:08]} Ndb8 {[%emt 0:00:52]} 20. Qa4 {[%emt 0:10:21]} Rxd3 {[%emt 0:00:49]} 21. Ne3 {[%emt 0:00:06]} Rfd8 {[%emt 0:10:32]} 22. Nd5 {[%emt 0:01:37]} Qd6 {[%emt 0:07:11]} 23. Ne1 {[%emt 0:00:38]} Bxe4 {[%emt 0:00:19]} 24. Nxe7+ {[%emt 0:00:30]} Nxe7 {[%emt 0:00:02]} 25. Qxe4 {[%emt 0:01:10]} Rxc3 {[%emt 0:01:56]} 26. Bb2 {[%emt 0:00:54]} Rb3 {[%emt 0:00:47]} 27. Bxe5 {[%emt 0:00:40]} Qd7 {[%emt 0:00:56]} 28. Bxb8 {[%emt 0:02:55]} Rdxb8 {[%emt 0:00:01]} 29. Nf3 {[%emt 0:01:56]} R3b4 {[%emt 0:01:21]} 30. Qe3 {[%emt 0:01:01]} Qc7 {[%emt 0:00:49]} 31. Rfc1 {[%emt 0:00:14]} Rc8 {[%emt 0:01:40]} 32. Ne5 {[%emt 0:01:45]} h5 {[%emt 0:03:18]} 33. Rd1 {[%emt 0:02:14]} Re8 {[%emt 0:05:14]} 34. Rd7 {[%emt 0:03:04]} Qb8 {[%emt 0:00:03]} 35. Nd3 {[%emt 0:06:32]} Ng6 {[%emt 0:02:57]} 36. Qxc5 {[%emt 0:01:29]} Rb1+ {[%emt 0:01:05]} 37. Rxb1 {[%emt 0:00:05]} Qxb1+ {[%emt 0:00:01]} 38. Bf1 {[%emt 0:00:41]} hxg4 {[%emt 0:00:22]} 39. Qc4 {[%emt 0:01:00]} Rf8 {[%emt 0:00:19]} 40. hxg4 {[%emt 0:00:19]} Nh4 {[%emt 0:00:43]} 41. Ne5 {[%emt 0:02:41]} 1-0

[Event "VIII Iberoamericano Mexico 2022"]
[Site "Mexico City"]
[Date "2022.02.17"]
[Round "6.16"]
[White "Encinas Varela, David"]
[Black "Galaviz Medina, Sion Radamantys"]
[Result "0-1"]
[WhiteElo "1862"]
[BlackElo "2374"]
[Annotator "NA"]
[PlyCount "66"]
[EventDate "2022.02.12"]
[EventType "swiss"]
[EventCountry "MEX"]
[SourceTitle "playchess.com"]
[Source "ChessBase"]
[SourceQuality "1"]
[TimeControl "5400+30"]

1. e4 {[%emt 0:00:30]} c5 {[%emt 0:03:21]} 2. Nf3 {[%emt 0:00:00]} d6 {[%emt 0:00:04]} 3. d4 {[%emt 0:00:00]} cxd4 {[%emt 0:00:04]} 4. Nxd4 {[%emt 0:00:00]} Nf6 {[%emt 0:00:05]} 5. Nc3 {[%emt 0:00:00]} a6 {[%emt 0:00:03]} 6. Be2 {[%emt 0:00:15]} e6 {[%emt 0:00:59]} 7. g4 {[%emt 0:00:59]} h6 {[%emt 0:03:53]} 8. f4 {[%emt 0:02:19]} Be7 {[%emt 0:01:33]} 9. Be3 {[%emt 0:03:12]} Nc6 {[%emt 0:45:06]} 10. O-O {[%emt 0:00:13]} d5 {[%emt 0:05:46]} 11. e5 {[%emt 0:03:55]} Nd7 {[%emt 0:00:51]} 12. Nxc6 {[%emt 0:49:05]} bxc6 {[%emt 0:00:10]} 13. Bf2 {[%emt 0:00:06]} O-O {[%emt 0:03:20]} 14. Bg3 {[%emt 0:00:21]} f6 {[%emt 0:00:14]} 15. Bd3 {[%emt 0:01:06]} fxe5 {[%emt 0:10:24]} 16. fxe5 {[%emt 0:00:23]} Rxf1+ {[%emt 0:00:16]} 17. Kxf1 {[%emt 0:03:09]} Rb8 {[%emt 0:02:40]} 18. g5 {[%emt 0:08:45]} Bxg5 {[%emt 0:01:13]} 19. Qh5 {[%emt 0:00:26]} Nc5 {[%emt 0:06:45]} 20. Bg6 {[%emt 0:04:17]} Bd7 {[%emt 0:00:11]} 21. h4 {[%emt 0:01:30]} Be7 {[%emt 0:02:56]} 22. Bf7+ {[%emt 0:07:57]} Kh8 {[%emt 0:00:06]} 23. Kg1 {[%emt 0:01:50]} Be8 {[%emt 0:00:11]} 24. Rf1 {[%emt 0:00:12]} Bxf7 {[%emt 0:00:14]} 25. Rxf7 {[%emt 0:00:07]} Qe8 {[%emt 0:00:06]} 26. Qg6 {[%emt 0:00:32]} Bf8 {[%emt 0:00:06]} 27. Kf1 {[%emt 0:07:31]} Kg8 {[%emt 0:00:15]} 28. Rf6 {[%emt 0:01:04]} Qxg6 {[%emt 0:00:05]} 29. Rxg6 {[%emt 0:00:01]} Rxb2 {[%emt 0:00:26]} 30. Bf4 {[%emt 0:00:17]} Rxc2 {[%emt 0:00:09]} 31. Ne2 {[%emt 0:00:11]} Ne4 {[%emt 0:01:07]} 32. Rxe6 {[%emt 0:00:35]} Kf7 {[%emt 0:00:06]} 33. Be3 {[%emt 0:01:02]} Rxe2 {[%emt 0:00:39]} 0-1